000 00476nam a2200193Ia 4500
008 151119s9999||||xx |||||||||||||| ||und||
082 _a891.463
082 _bGKKV20382
100 _aइनामदार ना सं
245 _aराऊ
260 _a--
260 _b--
260 _c1972
600 _aइनामदार ना सं
630 _aराऊ
700 _aइनामदार ना सं
730 _aराऊ
942 _cBOOK
999 _c1073262
_d1073259